[Event "Junior Online 4NCL Division 4"]
[Site "online"]
[Date "2021.09.30"]
[EventDate "2021.09.30"]
[Round "4.167"]
[White "Wilde, Grace"]
[WhiteElo "746"]
[WhiteTeam "Colchester Juniors C"]
[Black "RoyChowdhury, Aashita"]
[BlackElo "860"]
[BlackTeam "Leeds Juniors 5"]
[Result "0-1"]
[PlyCount "46"]

1. e4 c6 2. d4 d5 3. exd5 cxd5 4. Nf3 Nc6 5. g3 Bf5 6. Bg2 Nf6 7. c3 e6 8. Bf4 Bd6 9. Bxd6 Qxd6 10. O-O O-O 11. Nbd2 Ng4 12. Re1 Rfe8 13. Nb3 Be4 14. Ng5 Bxg2 15. Kxg2 Nf6 16. Re3 e5 17. Nc5 b6 18. Nb7 Qc7 19. dxe5 Rxe5 20. Rxe5 Nxe5 21. Qh1 Qxb7 22. Kh3 Qd7+ 23. Kh4 Qg4# 0-1

[Event "Junior Online 4NCL Division 4"]
[Site "online"]
[Date "2021.09.30"]
[EventDate "2021.09.30"]
[Round "4.168"]
[White "Raja Srinivasan, Pranav"]
[WhiteElo "800"]
[WhiteTeam "Leeds Juniors 5"]
[Black "Ren, Jason"]
[BlackElo "680"]
[BlackTeam "Colchester Juniors C"]
[Result "0-1"]
[PlyCount "50"]

1. d4 g6 2. Nf3 Bg7 3. Bf4 Nf6 4. Nc3 d5 5. e3 Nc6 6. Bd3 Bd7 7. O-O O-O 8. Ng5 h6 9. Qh5 Nxh5 10. Nf3 Nxf4 11. Nxd5 Nxd5 12. Be4 Nf6 13. d5 Nxe4 14. dxc6 Bxc6 15. Rad1 Qc8 16. Nd2 Nxd2 17. Rxd2 Rd8 18. Rdd1 Rxd1 19. Rxd1 Qd8 20. Rf1 Bxb2 21. e4 Bxe4 22. f3 Bd4+ 23. Kh1 Bxc2 24. Rc1 Bc3 25. Rxc2 Qd1# 0-1

[Event "Junior Online 4NCL Division 4"]
[Site "online"]
[Date "2021.09.30"]
[EventDate "2021.09.30"]
[Round "4.171"]
[White "Fearn, Elliot"]
[WhiteElo "1100"]
[WhiteTeam "Wanstead Warriors 3"]
[Black "Song, Ruien"]
[BlackElo "1230"]
[BlackTeam "London Dragons Californium"]
[Result "0-1"]
[PlyCount "38"]

1. e4 e5 2. Nc3 Nf6 3. f4 exf4 4. e5 Ng8 5. Bc4 d5 6. Bxd5 Be6 7. Bxe6 fxe6 8. Qg4 Qd7 9. Qxf4 Be7 10. Qf3 Nc6 11. d4 O-O-O 12. d5 exd5 13. Nxd5 Bc5 14. Bg5 Qxd5 15. Qf5+ Qd7 16. e6 Nd4 17. Qxc5 Qxe6+ 18. Kd1 Nb3+ 19. Bd2 Rxd2# 0-1

[Event "Junior Online 4NCL Division 4"]
[Site "online"]
[Date "2021.09.30"]
[EventDate "2021.09.30"]
[Round "4.172"]
[White "Tao, Max"]
[WhiteElo "1200"]
[WhiteTeam "London Dragons Californium"]
[Black "Sethi, Ishaan"]
[BlackElo "1128"]
[BlackTeam "Wanstead Warriors 3"]
[Result "1-0"]
[PlyCount "37"]

1. e4 e5 2. Nf3 Nc6 3. d4 d6 4. d5 Be6 5. dxe6 d5 6. exd5 Bb4+ 7. Nc3 Nf6 8. Ng5 O-O 9. exf7+ Rxf7 10. Nxf7 Kxf7 11. Qf3 e4 12. Qf5 Nd4 13. Qe5 Nxc2+ 14. Kd1 Nxa1 15. Qe6+ Kf8 16. Bc4 Ng4 17. d6 Nxf2+ 18. Ke1 Nxh1 19. Qf7# 1-0

[Event "Junior Online 4NCL Division 4"]
[Site "online"]
[Date "2021.09.30"]
[EventDate "2021.09.30"]
[Round "4.173"]
[White "Shivhare, Shaurya"]
[WhiteElo "1075"]
[WhiteTeam "Wanstead Warriors 3"]
[Black "Yang, Miao"]
[BlackElo "1240"]
[BlackTeam "London Dragons Californium"]
[Result "0-1"]
[PlyCount "72"]

1. e4 e5 2. Nf3 Nc6 3. Nc3 Nf6 4. Bc4 Bc5 5. O-O O-O 6. a3 a5 7. Rb1 d6 8. b4 axb4 9. axb4 Bxb4 10. Bb2 Bg4 11. Ra1 Nd4 12. Ne2 Bxf3 13. gxf3 Nxf3+ 14. Kh1 Nxe4 15. d3 Qh4 16. Kg2 Qg4+ 17. Ng3 Nh4+ 18. Kh1 Qg5 19. dxe4 Bc5 20. Qd5 c6 21. Qd1 Ra7 22. Rg1 Bxf2 23. Rg2 Nxg2 24. Kxg2 Bxg3 25. hxg3 Rfa8 26. Rb1 Ra4 27. Bb3 Rxe4 28. Qxd6 Re2+ 29. Kf1 Rd2 30. Qc7 Qf5+ 31. Ke1 Rd7 32. Qb6 Qe4+ 33. Kf2 Rd2+ 34. Kf1 Qf3+ 35. Ke1 Re2+ 36. Kd1 Qf1# 0-1

[Event "Junior Online 4NCL Division 4"]
[Site "online"]
[Date "2021.09.30"]
[EventDate "2021.09.30"]
[Round "4.175"]
[White "Song, Ruien"]
[WhiteElo "1230"]
[WhiteTeam "London Dragons Californium"]
[Black "Fearn, Elliot"]
[BlackElo "1100"]
[BlackTeam "Wanstead Warriors 3"]
[Result "1-0"]
[PlyCount "147"]

1. e4 e6 2. Nf3 d5 3. exd5 exd5 4. d4 Nc6 5. Bb5 Bd7 6. c3 Qe7+ 7. Be3 O-O-O 8. Nbd2 Nf6 9. Qa4 Ng4 10. O-O-O Nxe3 11. fxe3 Qxe3 12. Rde1 Qf4 13. g3 Qg4 14. Ne5 Nxe5 15. dxe5 Qxa4 16. Bxa4 Bxa4 17. b3 Bc6 18. Rhf1 Ba3+ 19. Kb1 Rhe8 20. Rxf7 Bf8 21. e6 Re7 22. Rf4 Rde8 23. c4 Rxe6 24. Rxe6 Rxe6 25. Rxf8+ Re8 26. Rxe8+ Bxe8 27. cxd5 Bg6+ 28. Kb2 c6 29. dxc6 bxc6 30. Kc3 c5 31. Kc4 Bf7+ 32. Kxc5 a5 33. Kb5 h5 34. Kxa5 g5 35. h4 gxh4 36. gxh4 Kd7 37. Kb4 Ke6 38. Kc4 Kf5+ 39. Kd3 Kg4 40. Ke3 Kxh4 41. Kf2 Bd5 42. Kg1 Kg3 43. Nb1 h4 44. Nc3 Bc6 45. Ne2+ Kg4 46. Kh2 Bf3 47. Ng1 Be4 48. a3 Bc2 49. b4 Bd3 50. a4 Kh5 51. b5 Be4 52. a5 Kg6 53. b6 Kf6 54. a6 Ke7 55. b7 Bxb7 56. axb7 h3 57. b8=Q Kd7 58. Nxh3 Ke7 59. Qe5+ Kf7 60. Qd6 Kg7 61. Qe6 Kh7 62. Qf6 Kg8 63. Qe7 Kh8 64. Ng5 Kg8 65. Ne6 Kh8 66. Nf8 Kg8 67. Kh3 Kh8 68. Ng6+ Kg8 69. Nf8 Kh8 70. Kh4 Kg8 71. Kg5 Kh8 72. Kg6 Kg8 73. Qh7+ Kxf8 74. Qf7# 1-0

[Event "Junior Online 4NCL Division 4"]
[Site "online"]
[Date "2021.09.30"]
[EventDate "2021.09.30"]
[Round "4.176"]
[White "Sethi, Ishaan"]
[WhiteElo "1128"]
[WhiteTeam "Wanstead Warriors 3"]
[Black "Tao, Max"]
[BlackElo "1200"]
[BlackTeam "London Dragons Californium"]
[Result "1-0"]
[PlyCount "71"]

1. e4 e5 2. Nf3 Nc6 3. Bc4 Nf6 4. Nc3 Nxe4 5. Nxe4 d5 6. Bxd5 Qxd5 7. Nfg5 Bc5 8. Qf3 Bb6 9. Qxf7+ Qxf7 10. Nxf7 Rf8 11. Nfg5 Nd4 12. O-O Nxc2 13. Rb1 Be6 14. Nxe6 Rf4 15. Nxf4 exf4 16. d3 O-O-O 17. Bxf4 Rf8 18. Bg5 Nd4 19. Be7 Rf7 20. Bb4 Nc6 21. Rfe1 Bxf2+ 22. Nxf2 Nxb4 23. Re8+ Kd7 24. Re4 Nxa2 25. Ra1 Nb4 26. Rxb4 c5 27. Rxb7+ Ke6 28. Re1+ Kf6 29. Ne4+ Ke6 30. Ng5+ Kf6 31. Nxf7 a5 32. Rf1+ Ke6 33. Rb6+ Kd5 34. Rf5+ Kd4 35. Re5 c4 36. Rd6# 1-0

[Event "Junior Online 4NCL Division 4"]
[Site "online"]
[Date "2021.09.30"]
[EventDate "2021.09.30"]
[Round "4.177"]
[White "Yang, Miao"]
[WhiteElo "1240"]
[WhiteTeam "London Dragons Californium"]
[Black "Shivhare, Shaurya"]
[BlackElo "1075"]
[BlackTeam "Wanstead Warriors 3"]
[Result "0-1"]
[PlyCount "90"]

1. e4 e5 2. Bc4 Nf6 3. Nc3 Bc5 4. Nf3 O-O 5. Nxe5 d6 6. Nf3 a6 7. a4 a5 8. h3 c6 9. O-O d5 10. exd5 cxd5 11. Bd3 d4 12. Nb5 Nc6 13. Re1 Re8 14. c4 Nb4 15. Bc2 d3 16. Bb3 Nc2 17. Rf1 Nxa1 18. Ba2 Nc2 19. b3 Nb4 20. Bb1 Bb6 21. Ba3 Bc5 22. Re1 Nc2 23. Rf1 Nxa3 24. Re1 Nc2 25. Rf1 Nb4 26. Re1 Rxe1+ 27. Qxe1 Nc2 28. Qe5 Bb4 29. Nc7 Rb8 30. Qf4 Nh5 31. Qe5 Nf6 32. Nb5 Nd7 33. Qg3 Qe8 34. Nh4 Qe1+ 35. Kh2 Qxb1 36. Nf5 Bf8 37. Qxd3 Ne5 38. Qc3 Bxf5 39. Qxe5 Bc8 40. Qxb8 Bf5 41. Qxb7 Qd1 42. Nc3 Qxd2 43. Nd5 Bd6+ 44. g3 Qxf2+ 45. Kh1 Be4# 0-1

[Event "Junior Online 4NCL Division 4"]
[Site "online"]
[Date "2021.09.30"]
[EventDate "2021.09.30"]
[Round "4.182"]
[White "Borra, Sri Mayi"]
[WhiteElo "1080"]
[WhiteTeam "Chess Challengers F"]
[Black "Jordan, Tabitha"]
[BlackElo "857"]
[BlackTeam "Manchester Juniors E"]
[Result "1-0"]
[PlyCount "79"]

1. e4 e5 2. Nf3 Bc5 3. Nc3 Nf6 4. Bc4 Nc6 5. O-O O-O 6. d3 d6 7. Bg5 Bg4 8. Nd5 Nxd5 9. Bxd8 Rfxd8 10. exd5 Nb4 11. h3 Bxf3 12. Qxf3 Nxc2 13. Rac1 Nd4 14. Qd1 Rd7 15. a3 Nf5 16. b4 Bd4 17. Bb5 c6 18. dxc6 bxc6 19. Bxc6 Rc8 20. Bxd7 Rxc1 21. Qxc1 Ne7 22. b5 a5 23. bxa6 d5 24. Qc7 g5 25. a7 Bxa7 26. Qxa7 e4 27. dxe4 dxe4 28. Qa8+ Kg7 29. a4 f5 30. a5 f4 31. a6 e3 32. fxe3 fxe3 33. Re1 Nd5 34. Qxd5 Kg6 35. a7 Kg7 36. a8=Q Kg6 37. Qa6+ Kg7 38. Bf5 h6 39. Qd7+ Kf8 40. Qa8# 1-0

[Event "Junior Online 4NCL Division 4"]
[Site "online"]
[Date "2021.09.30"]
[EventDate "2021.09.30"]
[Round "4.186"]
[White "Jordan, Tabitha"]
[WhiteElo "857"]
[WhiteTeam "Manchester Juniors E"]
[Black "Borra, Sri Mayi"]
[BlackElo "1080"]
[BlackTeam "Chess Challengers F"]
[Result "1-0"]
[PlyCount "53"]

1. e4 e5 2. Nf3 Nc6 3. Bc4 Nf6 4. Ng5 d5 5. exd5 Nxd5 6. Nc3 Qxg5 7. d4 Qxg2 8. Rf1 exd4 9. Bxd5 Qxh2 10. Nb5 Nb4 11. Nxc7+ Kd8 12. Nxa8 Nxd5 13. Qxd4 Qh5 14. Bd2 g6 15. f3 Rg8 16. O-O-O Bg7 17. Qxa7 Bh3 18. Rh1 Ke7 19. Qxb7+ Kf6 20. Bc3+ Ke6 21. Qc6+ Ke7 22. Rxd5 Qxf3 23. Qd6+ Ke8 24. Qb8+ Ke7 25. Re5+ Bxe5 26. Qxe5+ Kf8 27. Bb4# 1-0

[Event "Junior Online 4NCL Division 4"]
[Site "online"]
[Date "2021.09.30"]
[EventDate "2021.09.30"]
[Round "4.191"]
[White "Stacey, Edward"]
[WhiteElo "1255"]
[WhiteTeam "JHJ Shark Tank 8"]
[Black "Singh, Shaurya"]
[BlackElo "940"]
[BlackTeam "Chess Challengers G"]
[Result "1-0"]
[PlyCount "173"]

1. e4 e5 2. Nf3 Nc6 3. Bc4 h6 4. d4 exd4 5. Nxd4 Bb4+ 6. c3 Bc5 7. Nxc6 bxc6 8. Qd3 Nf6 9. Be3 Bxe3 10. Qxe3 O-O 11. Nd2 Re8 12. Bd3 d5 13. O-O-O dxe4 14. Nxe4 Bf5 15. Nxf6+ gxf6 16. Qf3 Bd7 17. Qh5 Kg7 18. Rhe1 Rxe1 19. Rxe1 Qb8 20. Re3 Qh8 21. Bc4 Be6 22. Rg3+ Kf8 23. Bxe6 fxe6 24. Qc5+ Kf7 25. Qxc6 Qc8 26. Qe4 Rb8 27. Qg6+ Ke7 28. Qxh6 Qb7 29. b3 Qc6 30. Qg7+ Kd6 31. Rd3+ Ke5 32. Qg3+ Kf5 33. Qf3+ Qxf3 34. Rxf3+ Ke4 35. Kd2 Rd8+ 36. Ke2 Ke5 37. Rd3 Rh8 38. Rh3 Rd8 39. Rd3 Rh8 40. h3 Rg8 41. g4 Rh8 42. Kf1 f5 43. gxf5 exf5 44. Kg2 Ke4 45. Re3+ Kf4 46. Re7 Rg8+ 47. Kh2 Kf3 48. Rf7 f4 49. Rxc7 Kxf2 50. Rd7 Rg2+ 51. Kh1 Rg1+ 52. Kh2 f3 53. Rd2+ Kf1 54. h4 f2 55. Rd3 Rg2+ 56. Kh3 Kg1 57. Rf3 Rh2+ 58. Kg3 Rg2+ 59. Kh3 f1=Q 60. Rxf1+ Kxf1 61. h5 Rg8 62. Kh4 Kf2 63. h6 Rh8 64. Kg5 Kg3 65. Kg6 Kh4 66. h7 Kg4 67. Kg7 Rd8 68. h8=Q Rxh8 69. Kxh8 Kf5 70. Kg7 Ke6 71. Kg6 Kd5 72. Kf5 Kc5 73. Ke4 Kb5 74. a3 a6 75. Kd4 Kb6 76. c4 Ka5 77. c5 Kb5 78. b4 Kc6 79. Kc4 Kc7 80. Kd5 Kd7 81. c6+ Kc7 82. Kc5 Kc8 83. Kb6 a5 84. bxa5 Kb8 85. c7+ Kc8 86. a6 Kd7 87. Kb7 1-0

[Event "Junior Online 4NCL Division 4"]
[Site "online"]
[Date "2021.09.30"]
[EventDate "2021.09.30"]
[Round "4.192"]
[White "Mishra, Mihir"]
[WhiteElo "940"]
[WhiteTeam "Chess Challengers G"]
[Black "Singh-Raj, Aryan"]
[BlackElo "1154"]
[BlackTeam "JHJ Shark Tank 8"]
[Result "1-0"]
[PlyCount "41"]

1. e4 e5 2. Nf3 Nc6 3. Bc4 Bc5 4. Nc3 Nf6 5. d3 O-O 6. Be3 Bxe3 7. fxe3 Ng4 8. Qe2 a6 9. d4 b5 10. Bd5 exd4 11. exd4 Bb7 12. Bxc6 Bxc6 13. Ne5 Nxe5 14. dxe5 Re8 15. Qh5 b4 16. Nd5 Bxd5 17. exd5 Qe7 18. O-O Qxe5 19. Qxf7+ Kh8 20. Rae1 Qd6 21. Rxe8+ 1-0

[Event "Junior Online 4NCL Division 4"]
[Site "online"]
[Date "2021.09.30"]
[EventDate "2021.09.30"]
[Round "4.193"]
[White "Bradshaw, Cleo"]
[WhiteElo "1042"]
[WhiteTeam "JHJ Shark Tank 8"]
[Black "Rajaram, Hamsikha"]
[BlackElo "940"]
[BlackTeam "Chess Challengers G"]
[Result "1-0"]
[PlyCount "49"]

1. e4 e5 2. f4 Nc6 3. Nf3 Nf6 4. Nc3 d5 5. exd5 Nxd5 6. Nxd5 Qxd5 7. b3 Nd4 8. Nxd4 Qxd4 9. c3 Qxf4 10. d4 Qf6 11. dxe5 Qxe5+ 12. Qe2 Qxe2+ 13. Bxe2 Be6 14. Be3 Be7 15. Bb5+ Kd8 16. O-O Bg4 17. Rxf7 Bd7 18. Rd1 c6 19. Bc4 b5 20. Be6 Ke8 21. Rxd7 Bd8 22. Rxg7 Kf8 23. Bd4 Bf6 24. Rgf7+ Kg8 25. Rxf6# 1-0

[Event "Junior Online 4NCL Division 4"]
[Site "online"]
[Date "2021.09.30"]
[EventDate "2021.09.30"]
[Round "4.194"]
[White "Kailaje, Vedant"]
[WhiteElo "940"]
[WhiteTeam "Chess Challengers G"]
[Black "Broachi, Zain"]
[BlackElo "1082"]
[BlackTeam "JHJ Shark Tank 8"]
[Result "0-1"]
[PlyCount "64"]

1. Nf3 Nf6 2. d4 d5 3. Bf4 Nc6 4. Nc3 Bf5 5. e3 e6 6. Bd3 Bg4 7. Qd2 Bb4 8. O-O-O Bf5 9. Ne5 O-O 10. Bxf5 exf5 11. Nxc6 bxc6 12. e4 Nxe4 13. Qe3 Re8 14. Nxe4 Rxe4 15. Qg3 Bd6 16. Bxd6 cxd6 17. h4 f4 18. Qg4 f3 19. Qg3 Qf6 20. gxf3 Rxd4 21. Rxd4 Qxd4 22. f4 Rb8 23. h5 Qxb2+ 24. Kd1 Qd4+ 25. Ke2 Re8+ 26. Kf3 Qe4+ 27. Kg4 Qxh1 28. Kg5 h6+ 29. Kf5 Qxh5+ 30. Qg5 hxg5 31. fxg5 g6+ 32. Kf6 Qh8# 0-1

[Event "Junior Online 4NCL Division 4"]
[Site "online"]
[Date "2021.09.30"]
[EventDate "2021.09.30"]
[Round "4.195"]
[White "Singh, Shaurya"]
[WhiteElo "940"]
[WhiteTeam "Chess Challengers G"]
[Black "Stacey, Edward"]
[BlackElo "1255"]
[BlackTeam "JHJ Shark Tank 8"]
[Result "0-1"]
[PlyCount "88"]

1. e4 e5 2. Nf3 Nc6 3. Bc4 Bc5 4. O-O Nf6 5. Ng5 O-O 6. Bxf7+ Rxf7 7. Nxf7 Kxf7 8. Nc3 d6 9. d3 Bg4 10. Ne2 Nd4 11. Qe1 Bxe2 12. Bg5 Bxf1 13. Qxf1 h6 14. Bxf6 Qxf6 15. c3 Nc6 16. Rd1 Rf8 17. d4 exd4 18. cxd4 Bxd4 19. b3 Kg8 20. Qc4+ Rf7 21. Rf1 Qe5 22. g3 Kf8 23. Qd3 Qf6 24. Qe2 Qf3 25. Qe1 Bc3 26. Qe3 Qxe3 27. fxe3 Rxf1+ 28. Kxf1 Kf7 29. Ke2 Be5 30. Kd3 Ke6 31. a4 Ne7 32. Kc4 c6 33. Kd3 Ng8 34. Kc4 Nf6 35. Kd3 Ng4 36. h3 Nf2+ 37. Kc4 Nxh3 38. g4 Nf2 39. b4 Nxe4 40. b5 Nf2 41. bxc6 bxc6 42. Kb4 Nxg4 43. e4 d5 44. exd5+ Kxd5 0-1

[Event "Junior Online 4NCL Division 4"]
[Site "online"]
[Date "2021.09.30"]
[EventDate "2021.09.30"]
[Round "4.196"]
[White "Singh-Raj, Aryan"]
[WhiteElo "1154"]
[WhiteTeam "JHJ Shark Tank 8"]
[Black "Mishra, Mihir"]
[BlackElo "940"]
[BlackTeam "Chess Challengers G"]
[Result "1-0"]
[PlyCount "81"]

1. e4 e5 2. Nf3 f6 3. Bc4 Nc6 4. Nc3 Bc5 5. O-O d6 6. d3 Qe7 7. Bd2 Be6 8. Nd5 Bxd5 9. exd5 Nd4 10. Nxd4 Bxd4 11. c3 Bc5 12. b4 Bb6 13. Qa4+ c6 14. dxc6 bxc6 15. Qxc6+ Qd7 16. Qxa8+ Qd8 17. Bb5+ Ke7 18. Qxd8+ Kxd8 19. a4 a5 20. Be3 Bxe3 21. fxe3 axb4 22. cxb4 Ne7 23. a5 Nd5 24. Rf3 Nxb4 25. a6 Ke7 26. a7 Nc2 27. a8=Q Rxa8 28. Rxa8 Ke6 29. e4 d5 30. exd5+ Kxd5 31. Bc4+ Kd4 32. Rd8+ Kc3 33. Rg3 Kd2 34. Rxg7 Ke3 35. Bb3 f5 36. Bxc2 e4 37. dxe4 fxe4 38. Rxh7 Ke2 39. Bxe4 Ke3 40. Re7 Ke2 41. Ba8# 1-0

[Event "Junior Online 4NCL Division 4"]
[Site "online"]
[Date "2021.09.30"]
[EventDate "2021.09.30"]
[Round "4.197"]
[White "Rajaram, Hamsikha"]
[WhiteElo "940"]
[WhiteTeam "Chess Challengers G"]
[Black "Bradshaw, Cleo"]
[BlackElo "1042"]
[BlackTeam "JHJ Shark Tank 8"]
[Result "0-1"]
[PlyCount "80"]

1. e4 e5 2. Nf3 Nc6 3. d3 Bc5 4. Be2 Nf6 5. O-O d6 6. Nxe5 Bg4 7. Bxg4 Nxe5 8. Bd7+ Qxd7 9. Bg5 h6 10. Bxf6 gxf6 11. Nc3 Bd4 12. Nd5 Rg8 13. Nxf6+ Ke7 14. Nxd7 Kxd7 15. Qh5 Ng4 16. Qxf7+ Kc6 17. h3 Ne5 18. Qh5 Bxb2 19. Rab1 Raf8 20. Qxh6 Nf3+ 21. Kh1 Bg7 22. Qg6 Nd2 23. Rxb7 Nxf1 24. Rxa7 Nd2 25. e5 Bxe5 26. Qe6 Re8 27. Qh6 Bd4 28. Qxd2 Bxa7 29. Qc3+ Kd5 30. Qxc7 Bd4 31. Qf7+ Kc6 32. a4 Be5 33. a5 Ref8 34. Qe7 Bf4 35. a6 Re8 36. Qb7+ Kc5 37. Qc7+ Kd5 38. Qb7+ Kd4 39. Qb6+ Kc3 40. a7 Re1# 0-1

[Event "Junior Online 4NCL Division 4"]
[Site "online"]
[Date "2021.09.30"]
[EventDate "2021.09.30"]
[Round "4.198"]
[White "Broachi, Zain"]
[WhiteElo "1082"]
[WhiteTeam "JHJ Shark Tank 8"]
[Black "Kailaje, Vedant"]
[BlackElo "940"]
[BlackTeam "Chess Challengers G"]
[Result "1-0"]
[PlyCount "119"]

1. e4 Nc6 2. d4 Nf6 3. Nc3 e5 4. Nf3 exd4 5. Nxd4 Bb4 6. Bd2 Bxc3 7. Bxc3 Nxe4 8. Qe2 d5 9. O-O-O O-O 10. Qh5 Nf6 11. Qe2 Nxd4 12. Rxd4 Qd6 13. Bb4 Qb6 14. Qd3 Re8 15. g3 a5 16. Bd2 Be6 17. h3 a4 18. g4 a3 19. b3 Qxb3 20. cxb3 c5 21. Rf4 Nd7 22. g5 g6 23. Qb5 Ne5 24. Rh4 Nf3 25. Rf4 Nxd2 26. Kxd2 d4 27. Qxb7 Rab8 28. Qc7 Rbc8 29. Qb6 Rb8 30. Qxc5 Rbc8 31. Qxd4 Rcd8 32. b4 Rxd4+ 33. Rxd4 Rb8 34. Bg2 Bxa2 35. Rc1 Be6 36. Rc7 a2 37. Ra7 Rb5 38. Rxa2 Bxa2 39. Rd8+ Kg7 40. Rd4 Rb6 41. Bf1 Rb7 42. b5 Rb6 43. Ra4 Rb8 44. Rxa2 Rd8+ 45. Kc2 Rc8+ 46. Kb2 Rb8 47. Ra6 Rc8 48. b6 Rd8 49. b7 Rb8 50. Bg2 Rd8 51. Ra8 Rxa8 52. bxa8=Q f6 53. Qb7+ Kf8 54. gxf6 h5 55. f7 g5 56. Bd5 g4 57. Qc8+ Kg7 58. f8=Q+ Kg6 59. Qe6+ Kg5 60. Qef6# 1-0

[Event "Junior Online 4NCL Division 4"]
[Site "online"]
[Date "2021.09.30"]
[EventDate "2021.09.30"]
[Round "4.201"]
[White "Lewis, Tom"]
[WhiteElo "900"]
[WhiteTeam "Edgware Gambits I"]
[Black "Flanders, William"]
[BlackElo "869"]
[BlackTeam "Surrey Kings 5"]
[Result "1-0"]
[PlyCount "59"]

1. e4 e5 2. Nf3 Nc6 3. Nc3 Bc5 4. Bc4 d6 5. O-O Bg4 6. d3 Nf6 7. Bg5 h6 8. Bxf6 Qxf6 9. h3 Bxf3 10. gxf3 Qg6+ 11. Kh1 O-O 12. Rg1 Qh5 13. Nd5 Bxf2 14. Rg2 Qxh3+ 15. Rh2 Qg3 16. Rg2 Qh4+ 17. Rh2 Qg5 18. Rxf2 Nd4 19. Rg2 Qh4+ 20. Rh2 Qg3 21. Qg1 Qxf3+ 22. Qg2 Qxg2+ 23. Rxg2 c6 24. Rag1 g6 25. Ne7+ Kg7 26. Nf5+ Nxf5 27. exf5 Kh7 28. fxg6+ fxg6 29. Rxg6 Kh8 30. Rxh6# 1-0

[Event "Junior Online 4NCL Division 4"]
[Site "online"]
[Date "2021.09.30"]
[EventDate "2021.09.30"]
[Round "4.202"]
[White "Fairrie, Ralph"]
[WhiteElo "895"]
[WhiteTeam "Surrey Kings 5"]
[Black "Simmons, Keaton"]
[BlackElo "925"]
[BlackTeam "Edgware Gambits I"]
[Result "1-0"]
[PlyCount "35"]

1. e4 e5 2. Nf3 Nc6 3. Bc4 Bc5 4. d3 Nf6 5. Bg5 d6 6. Nc3 Bg4 7. Nd5 Nd4 8. h3 Nxf3+ 9. gxf3 Be6 10. Bxf6 gxf6 11. f4 Bxd5 12. Bxd5 exf4 13. Qh5 Rf8 14. Rg1 Kd7 15. Qg4+ Ke7 16. Qh5 c6 17. Rg8 Rxg8 18. Qxf7# 1-0

[Event "Junior Online 4NCL Division 4"]
[Site "online"]
[Date "2021.09.30"]
[EventDate "2021.09.30"]
[Round "4.203"]
[White "Kaul-Green, Axel"]
[WhiteElo "800"]
[WhiteTeam "Edgware Gambits I"]
[Black "Song, Meilin"]
[BlackElo "888"]
[BlackTeam "Surrey Kings 5"]
[Result "0-1"]
[PlyCount "30"]

1. e4 e5 2. Nf3 Nc6 3. Bc4 Nf6 4. d3 Bc5 5. Bg5 Ne7 6. Bxf6 gxf6 7. O-O O-O 8. h3 d6 9. Nc3 Be6 10. Bxe6 fxe6 11. Na4 d5 12. exd5 exd5 13. Nxc5 e4 14. Nxb7 Qb8 15. Na5 Qxb2 0-1

[Event "Junior Online 4NCL Division 4"]
[Site "online"]
[Date "2021.09.30"]
[EventDate "2021.09.30"]
[Round "4.204"]
[White "Liu, Kieron"]
[WhiteElo "262"]
[WhiteTeam "Surrey Kings 5"]
[Black "Magnus, Michael"]
[BlackElo "800"]
[BlackTeam "Edgware Gambits I"]
[Result "1-0"]
[PlyCount "99"]

1. e4 e5 2. Nf3 Nc6 3. Bc4 Nf6 4. Ng5 Qe7 5. Bxf7+ Kd8 6. Nc3 Ng4 7. Qxg4 h6 8. Qh3 Qxg5 9. d3 Qf6 10. Qh5 Bb4 11. a3 Bxc3+ 12. bxc3 Rf8 13. Bg6 Ne7 14. Bf5 Nxf5 15. exf5 Qxf5 16. Qxf5 Rxf5 17. g4 Rg5 18. f3 h5 19. Bxg5+ Ke8 20. gxh5 d5 21. c4 dxc4 22. dxc4 Bf5 23. c3 Rd8 24. O-O Bh3 25. Rfd1 Rc8 26. Rd5 Be6 27. Rxe5 Kf7 28. h6 gxh6 29. Bxh6 Bxc4 30. Rc5 Be2 31. f4 Rg8+ 32. Kf2 Bg4 33. Rxc7+ Kg6 34. Bg5 Re8 35. Rg1 Re2+ 36. Kf1 Bf3 37. Bh4+ Kh5 38. Rg3 Re3 39. Kf2 Rxc3 40. Rxf3 Rxc7 41. Bd8 Rc2+ 42. Kg3 Ra2 43. f5 Kh6 44. f6 Re2 45. f7 Kh5 46. f8=Q Re4 47. Qh8+ Kg6 48. Rf6+ Kg5 49. h4+ Rxh4 50. Qxh4# 1-0

[Event "Junior Online 4NCL Division 4"]
[Site "online"]
[Date "2021.09.30"]
[EventDate "2021.09.30"]
[Round "4.205"]
[White "Flanders, William"]
[WhiteElo "869"]
[WhiteTeam "Surrey Kings 5"]
[Black "Lewis, Tom"]
[BlackElo "900"]
[BlackTeam "Edgware Gambits I"]
[Result "1-0"]
[PlyCount "73"]

1. Nf3 d5 2. e4 dxe4 3. Ng5 Bf5 4. Nc3 Nf6 5. Qe2 h6 6. Nxf7 Kxf7 7. Qb5 Qd7 8. Qxb7 e3 9. fxe3 Qc6 10. Qxc6 Nxc6 11. Bc4+ Be6 12. Bxe6+ Kxe6 13. O-O Kf7 14. b3 e5 15. Ba3 Bxa3 16. Nb5 Bb2 17. Rab1 Ba3 18. Nxa3 Rad8 19. Nc4 Ne7 20. e4 Rd4 21. Nxe5+ Ke6 22. Nf3 Rxe4 23. Rfe1 Ng4 24. Rxe4+ Kf5 25. Rxe7 Rf8 26. Rf1 Kf6 27. Rxc7 Kg6 28. Ne5+ Nxe5 29. Rxf8 Kg5 30. Rc5 Kg6 31. Rxe5 h5 32. Rfe8 a6 33. R8e6+ Kf7 34. Rxa6 g5 35. Rb5 Ke7 36. Rb7+ Kd8 37. Ra8# 1-0

[Event "Junior Online 4NCL Division 4"]
[Site "online"]
[Date "2021.09.30"]
[EventDate "2021.09.30"]
[Round "4.206"]
[White "Simmons, Keaton"]
[WhiteElo "925"]
[WhiteTeam "Edgware Gambits I"]
[Black "Fairrie, Ralph"]
[BlackElo "895"]
[BlackTeam "Surrey Kings 5"]
[Result "1-0"]
[PlyCount "73"]

1. e4 e5 2. Nf3 Nc6 3. Nc3 Bc5 4. Bc4 Nf6 5. O-O d6 6. d3 h5 7. h3 Rh6 8. Bxh6 gxh6 9. a3 Be6 10. Bxe6 fxe6 11. Qd2 d5 12. exd5 exd5 13. b4 Bf8 14. g4 Qd7 15. Nh4 hxg4 16. f3 gxf3 17. Rxf3 Qg7+ 18. Ng2 Ke7 19. Re1 Kf7 20. Ree3 e4 21. Rg3 Qh7 22. dxe4 dxe4 23. Nxe4 Nxe4 24. Qd7+ Kf6 25. Qxh7 Nxg3 26. Rxg3 Ne5 27. Qxc7 Re8 28. Qxb7 Nc4 29. Qf3+ Ke6 30. Rg6+ Ke7 31. Qf6+ Kd7 32. Qa6 Re1+ 33. Nxe1 Ne3 34. Qxa7+ Ke8 35. Qc7 h5 36. Re6+ Be7 37. Qxe7# 1-0

[Event "Junior Online 4NCL Division 4"]
[Site "online"]
[Date "2021.09.30"]
[EventDate "2021.09.30"]
[Round "4.207"]
[White "Song, Meilin"]
[WhiteElo "888"]
[WhiteTeam "Surrey Kings 5"]
[Black "Kaul-Green, Axel"]
[BlackElo "800"]
[BlackTeam "Edgware Gambits I"]
[Result "0-1"]
[PlyCount "58"]

1. e4 e5 2. Nf3 Nc6 3. Nc3 Nf6 4. Bc4 Bc5 5. d3 O-O 6. Ng5 h6 7. Nxf7 Rxf7 8. Bxf7+ Kxf7 9. Be3 Bxe3 10. fxe3 d6 11. O-O Bg4 12. Qe1 Nb4 13. Qc1 c6 14. a3 Na6 15. d4 exd4 16. exd4 d5 17. exd5 cxd5 18. Qe3 Bd7 19. Qd3 Qe8 20. Qf3 Bg4 21. Qxd5+ Ke7 22. Qxb7+ Kf8 23. Qxa6 Bc8 24. Qd6+ Kg8 25. Rae1 Qf7 26. Qc6 Bb7 27. Qd6 Qg6 28. Qb8+ Rxb8 29. Nb5 Qxg2# 0-1

[Event "Junior Online 4NCL Division 4"]
[Site "online"]
[Date "2021.09.30"]
[EventDate "2021.09.30"]
[Round "4.208"]
[White "Magnus, Michael"]
[WhiteElo "800"]
[WhiteTeam "Edgware Gambits I"]
[Black "Liu, Kieron"]
[BlackElo "262"]
[BlackTeam "Surrey Kings 5"]
[Result "0-1"]
[PlyCount "36"]

1. e4 e5 2. Nf3 Nc6 3. Bc4 Bc5 4. Ng5 Qxg5 5. O-O d5 6. exd5 Bh3 7. g3 Bxf1 8. Qxf1 Nd4 9. Nc3 Nxc2 10. Rb1 Nf6 11. Nb5 O-O-O 12. Nxa7+ Bxa7 13. Bb5 Rxd5 14. Bc4 Ra5 15. Bxf7 Rxa2 16. Bxa2 Ng4 17. d4 Qh5 18. dxe5 Qxh2# 0-1

[Event "Junior Online 4NCL Division 4"]
[Site "online"]
[Date "2021.09.30"]
[EventDate "2021.09.30"]
[Round "4.211"]
[White "Gabb, Percy"]
[WhiteElo "1100"]
[WhiteTeam "Ojays F"]
[Black "Singh, Arjun"]
[BlackElo "800"]
[BlackTeam "Edgware Gambits J"]
[Result "1-0"]
[PlyCount "37"]

1. e4 e5 2. Nf3 Nc6 3. Bc4 Nf6 4. Ng5 h6 5. Nxf7 Qe7 6. Nxh8 Nxe4 7. O-O Nf6 8. Ng6 Qc5 9. Nxf8 Qxf8 10. d3 a6 11. Nc3 b5 12. Bb3 a5 13. a3 a4 14. Ba2 g6 15. Nxb5 Nd5 16. Bxd5 Ra5 17. Nxc7+ Kd8 18. b4 Rb5 19. Nxb5 1-0